[Event "Eliteserien 2017 - 18"]
[Site "Stavanger og Oslo"]
[Date "2017.11.03"]
[Round "4"]
[White "Salomon, Johan"]
[Black "Devereaux, Maxim L"]
[Result "1-0"]
[WhiteElo "2476"]
[BlackElo "2374"]
[PlyCount "83"]
[EventDate "2017.??.??"]

1. e4 c5 2. Nf3 g6 3. c4 Bg7 4. d4 cxd4 5. Nxd4 Nc6 6. Be3 Nf6 7. Nc3 Ng4 8.
Qxg4 Nxd4 9. Qd1 Ne6 10. Qd2 Qa5 11. Rc1 b6 12. Be2 Bb7 13. f3 g5 14. b3 h5 15.
h4 Nf4 16. Bf1 Be5 17. hxg5 Ng6 18. Ne2 Qa3 19. f4 Bd6 20. Bd4 e5 21. Bb2 Qxa2
22. f5 Ne7 23. Qxd6 Qxb2 24. Rd1 Bc6 25. Rh3 a5 26. Rc3 Rg8 27. f6 Ng6 28. g3
O-O-O 29. Bh3 Kb7 30. Bf5 Nh8 31. Rd2 Qb1+ 32. Rd1 Qb2 33. Qxe5 Qa3 34. Rcd3
Rxg5 35. Qf4 Qb4+ 36. Kf1 Rgg8 37. Bxd7 Ng6 38. Qf5 Rxd7 39. Rxd7+ Bxd7 40.
Rxd7+ Ka6 41. Qd5 Rb8 42. Qxf7 
1-0

[Event "Eliteserien 2017 - 18"]
[Site "Stavanger og Oslo"]
[Date "2017.11.03"]
[Round "4"]
[White "Andersen, Lars Even"]
[Black "Djurhuus, Rune"]
[Result "0-1"]
[WhiteElo "2302"]
[BlackElo "2421"]
[PlyCount "84"]
[EventDate "2017.??.??"]

1. d4 e6 2. g3 f5 3. Bg2 Nf6 4. c4 c6 5. Nh3 d6 6. Nc3 Be7 7. e4 fxe4 8. Nxe4
e5 9. O-O O-O 10. dxe5 dxe5 11. Nxf6+ Bxf6 12. Qxd8 Rxd8 13. Ng5 Na6 14. Be3
Nb4 15. Ne4 Nc2 16. Rad1 Rxd1 17. Rxd1 Bg4 18. Nxf6+ gxf6 19. Rd6 Nxe3 20. fxe3
Kf7 21. Be4 h6 22. Kg2 Ke7 23. c5 a5 24. a4 Rd8 25. Rxd8 Kxd8 26. Bf3 Be6 27.
Bd1 Kc7 28. Kf3 b6 29. cxb6+ Kxb6 30. Ke4 Kc5 31. h4 Kb4 32. g4 c5 33. g5 fxg5
34. hxg5 hxg5 35. Kxe5 Bb3 36. Bg4 Bxa4 37. Kf6 Bc2 38. Be6 g4 39. Bxg4 Kb3 40.
Ke5 Kxb2 41. Bd7 c4 42. Kd4 c3 
0-1

[Event "Eliteserien 2017 - 18"]
[Site "Stavanger og Oslo"]
[Date "2017.11.03"]
[Round "4"]
[White "Tryggestad, Andreas G"]
[Black "Børresen, Georg S."]
[Result "0-1"]
[WhiteElo "2264"]
[BlackElo "2253"]
[PlyCount "80"]
[EventDate "2017.??.??"]

1. d4 Nf6 2. c4 g6 3. Nc3 Bg7 4. e4 d6 5. Nf3 O-O 6. Be2 Na6 7. Bg5 c6 8. Qd2
e5 9. Rd1 Qc7 10. O-O Bg4 11. h3 Bxf3 12. Bxf3 Rfe8 13. d5 c5 14. a3 Rf8 15.
Nb5 Qd7 16. b4 Ne8 17. Rb1 f5 18. exf5 gxf5 19. bxc5 Nxc5 20. Be3 b6 21. Bxc5
bxc5 22. Qa5 e4 23. Bd1 a6 24. Ba4 Qe7 25. Nc3 Nf6 26. Rb6 Nh5 27. Bd1 Nf4 28.
Ne2 Nd3 29. Ng3 Be5 30. Nh5 Qg5 31. Rb7 Rfb8 32. Rxb8+ Rxb8 33. Qc7 Rf8 34. Qd7
e3 35. Qe6+ Kh8 36. f4 Nxf4 37. Nxf4 Bxf4 38. g4 Qh4 39. Rf3 Qe1+ 40. Kg2 Qd2+
0-1

[Event "Eliteserien 2017 - 18"]
[Site "Stavanger og Oslo"]
[Date "2017.11.03"]
[Round "4"]
[White "Sahl, Sheila Barth"]
[Black "Christenson, Flemming"]
[Result "1-0"]
[WhiteElo "2180"]
[BlackElo "2209"]
[PlyCount "83"]
[EventDate "2017.??.??"]

1. c4 e5 2. g3 Nc6 3. Bg2 f5 4. d3 Bc5 5. Nc3 Nf6 6. e3 a6 7. Nge2 Ba7 8. a3
O-O 9. b4 d6 10. O-O Qe8 11. Nd5 Nxd5 12. cxd5 Ne7 13. d4 Ng6 14. Qc2 Bb6 15.
a4 a5 16. bxa5 Bxa5 17. dxe5 Nxe5 18. Bb2 Bd7 19. Ra2 Bb6 20. Rfa1 Kh8 21. a5
Bc5 22. Bd4 b6 23. Nf4 Ra7 24. axb6 Rxa2 25. Qxa2 cxb6 26. Ne6 Bxe6 27. dxe6
Ng6 28. Qd5 Qe7 29. Ra8 Bxd4 30. exd4 b5 31. Qxf5 Rxa8 32. Bxa8 Qa7 33. Be4 b4
34. Qb5 Qe7 35. Bxg6 hxg6 36. d5 Qg5 37. Qxb4 Qe5 38. Qf4 Qe1+ 39. Kg2 Kh7 40.
Qe3 Qd1 41. e7 Qxd5+ 42. f3 
1-0

[Event "Eliteserien 2017 - 18"]
[Site "Stavanger og Oslo"]
[Date "2017.11.03"]
[Round "4"]
[White "Nordquelle, Daniel"]
[Black "Berg, Johan"]
[Result "0-1"]
[WhiteElo "2241"]
[BlackElo "2216"]
[PlyCount "116"]
[EventDate "2017.??.??"]

1. e4 c5 2. Ne2 e6 3. Nbc3 a6 4. g3 Nc6 5. Bg2 g6 6. d3 Bg7 7. Be3 Nd4 8. Qd2
Ne7 9. Nd1 Nxe2 10. Qxe2 b6 11. Qd2 Bb7 12. Bh6 O-O 13. h4 Bxh6 14. Qxh6 Nf5
15. Qd2 Qf6 16. h5 Nd4 17. f4 e5 18. Nf2 exf4 19. gxf4 Rae8 20. c3 Ne6 21. f5
gxf5 22. Rg1 Kh8 23. O-O-O fxe4 24. dxe4 Qf4 25. Qxf4 Nxf4 26. Bf3 Bc6 27. Rg4
Ne6 28. Bg2 Rg8 29. Bh3 Ng5 30. Bg2 Ne6 31. Bh3 h6 32. Rxg8+ Rxg8 33. Bf5 Rg5
34. Ng4 Kg7 35. Ne5 Bxe4 36. Bxe4 Rxe5 37. Bb7 Rxh5 38. Rxd7 a5 39. a4 c4 40.
Rd6 Nc5 41. Bc6 Rh2 42. Kb1 Rf2 43. Bb5 Rf6 44. Rd4 Nb3 45. Rd1 Rf4 46. Ka2 h5
47. Bxc4 Rxc4 48. Kxb3 Rc6 49. Rh1 Kh6 50. c4 f5 51. Kc3 f4 52. Kd4 Kg5 53. b3
Re6 54. Rg1+ Kf5 55. Rh1 Rh6 56. Rh4 Kg5 57. Rh1 h4 58. Ke4 Re6+ 
0-1

[Event "Eliteserien 2017 - 18"]
[Site "Stavanger og Oslo"]
[Date "2017.11.03"]
[Round "4"]
[White "Flaata, Alexander R."]
[Black "Thanke, Bror"]
[Result "0-1"]
[WhiteElo "2103"]
[BlackElo "2152"]
[PlyCount "90"]
[EventDate "2017.??.??"]

1. e4 e6 2. Nc3 c5 3. f4 Nc6 4. Nf3 a6 5. g3 d5 6. Bg2 dxe4 7. Nxe4 Be7 8. b3
Nf6 9. Nf2 Qc7 10. Bb2 O-O 11. O-O Rd8 12. Nd3 b5 13. Nde5 Nxe5 14. Bxe5 Qa7
15. Qe2 Bb7 16. h3 c4+ 17. Kh2 Rac8 18. bxc4 Rxc4 19. d3 Ra4 20. Rfe1 Bd5 21.
c3 Qd7 22. Bd4 Qc7 23. Be5 Qc8 24. Qc2 Ra3 25. Re3 h6 26. Qb2 Ra4 27. Bd4 Ba3
28. Qd2 Bc5 29. Bxc5 Qxc5 30. Re5 Qc7 31. Re3 Qa5 32. Re2 Ra3 33. c4 Qxd2 34.
Rxd2 Bxf3 35. Bxf3 bxc4 36. Rad1 Rdxd3 37. Be2 Rxg3 38. Rd8+ Kh7 39. Bxc4 Rxh3+
40. Kg1 Rag3+ 41. Kf1 Rh1+ 42. Ke2 Rh2+ 43. Kf1 Ne4 44. Ke1 Rg1+ 45. Bf1 Ng3
0-1

[Event "Eliteserien 2017 - 18"]
[Site "Stavanger og Oslo"]
[Date "2017.11.03"]
[Round "4"]
[White "Holm, Kristian Stuvik"]
[Black "Diesen, Bruce"]
[Result "1-0"]
[WhiteElo "2429"]
[BlackElo "2170"]
[PlyCount "77"]
[EventDate "2017.??.??"]

1. d4 Nf6 2. c4 e6 3. Nf3 b6 4. g3 Bb7 5. Bg2 Be7 6. O-O O-O 7. Re1 Na6 8. a3
c5 9. d5 exd5 10. Nh4 Ne4 11. cxd5 Bxh4 12. Bxe4 Bf6 13. Nc3 d6 14. Qc2 g6 15.
Bg2 Nc7 16. e4 b5 17. Bf4 b4 18. axb4 cxb4 19. Ne2 Re8 20. Qd2 a5 21. Nd4 Be5
22. Rec1 Na6 23. Bxe5 Rxe5 24. Nb3 Nb8 25. Qc2 Re7 26. Qc4 Qb6 27. Qd4 Qxd4 28.
Nxd4 Kf8 29. Nb5 Ra6 30. f4 f6 31. Rc4 Nd7 32. Nc7 Nc5 33. Nxa6 Bxa6 34. Rxc5
dxc5 35. Rxa5 Bd3 36. Rxc5 Bxe4 37. d6 Re6 38. Rc8+ Re8 39. d7 
1-0

[Event "Eliteserien 2017 - 18"]
[Site "Stavanger og Oslo"]
[Date "2017.11.03"]
[Round "4"]
[White "Andersen, Alf Roger"]
[Black "Kyrkjebø, Erlend"]
[Result "0-1"]
[WhiteElo "2161"]
[BlackElo "2145"]
[PlyCount "84"]
[EventDate "2017.??.??"]

1. e4 c5 2. Nf3 d6 3. Bd3 Nc6 4. c3 Bd7 5. Bc2 Rc8 6. O-O Nf6 7. d3 g6 8. Nbd2
Bg7 9. h3 O-O 10. Nh2 d5 11. f4 dxe4 12. dxe4 Qc7 13. Nc4 Rfd8 14. Qf3 b5 15.
Ne3 Nd4 16. cxd4 cxd4 17. e5 dxe3 18. exf6 Qxc2 19. fxg7 Bc6 20. Qg3 e2 21. Re1
Rd1 22. Be3 Bxg2 23. Rc1 Qxc1 24. Bxc1 Rcxc1 25. Qxg2 Rxe1+ 26. Kf2 Rh1 27.
Qa8+ Kxg7 28. Nf3 e1=Q+ 29. Nxe1 Rhxe1 30. Qxa7 Re4 31. Kf3 Rcc4 32. Kg3 e6 33.
Qb8 b4 34. a4 bxa3 35. bxa3 Ra4 36. Qb2+ Kg8 37. Qb8+ Kg7 38. Qb2+ Red4 39. Kf3
Kh6 40. Qc1 Rd3+ 41. Kg4 f5+ 42. Kh4 g5# 
0-1

[Event "Eliteserien 2017 - 18"]
[Site "Stavanger og Oslo"]
[Date "2017.11.03"]
[Round "4"]
[White "Johansen, Terje"]
[Black "Skrondal, Inge Sandstad"]
[Result "0-1"]
[WhiteElo "2252"]
[BlackElo "2246"]
[PlyCount "102"]
[EventDate "2017.??.??"]

1. d4 Nf6 2. Bf4 e6 3. e3 c5 4. c3 Nc6 5. Nd2 d5 6. Ngf3 Be7 7. Bb5 Qb6 8. a4
a6 9. Bxc6+ bxc6 10. a5 Qxb2 11. Qa4 Qb5 12. Qa2 cxd4 13. c4 dxc4 14. Nxd4 Qd5
15. N4f3 Bb4 16. O-O Bxd2 17. Nxd2 e5 18. e4 Qd6 19. Bxe5 Qxe5 20. Nxc4 Qe7 21.
e5 Nd5 22. Nd6+ Kf8 23. Qc4 Bd7 24. Rfe1 g6 25. f4 Kg7 26. f5 gxf5 27. Ra3 Rhg8
28. Rh3 Kh8 29. Rh5 Rg6 30. Qd4 Be6 31. g3 Qa7 32. Qxa7 Rxa7 33. Rb1 f4 34. Kf2
Ra8 35. Rb7 fxg3+ 36. hxg3 Kg7 37. Ne4 h6 38. Nc5 Bg4 39. Rh1 h5 40. Rf1 Kg8
41. Rfb1 Rg5 42. Rb8+ Rxb8 43. Rxb8+ Kg7 44. Re8 Rf5+ 45. Ke1 Rf3 46. Nxa6 Ra3
47. Nb8 c5 48. Rd8 Nb4 49. a6 Nxa6 50. Nc6 Nb4 51. Ne7 Re3+ 
0-1

[Event "Eliteserien 2017 - 18"]
[Site "Stavanger og Oslo"]
[Date "2017.11.03"]
[Round "4"]
[White "Gunnesdal, Lars"]
[Black "Svendsen, Bertil"]
[Result "1/2-1/2"]
[WhiteElo "2074"]
[BlackElo "2236"]
[PlyCount "104"]
[EventDate "2017.??.??"]

1. e4 c5 2. Nc3 Nc6 3. g3 g6 4. Bg2 Bg7 5. d3 d6 6. Be3 e6 7. Qd2 Nge7 8. Nge2
O-O 9. Bh6 Bxh6 10. Qxh6 Rb8 11. h4 f6 12. Qd2 e5 13. f4 Bg4 14. Bh3 Bxh3 15.
Rxh3 Qd7 16. Rh2 Nd4 17. Nxd4 exd4 18. Nd1 d5 19. Nf2 dxe4 20. dxe4 Qe6 21. Kf1
Kh8 22. a3 Nc6 23. b3 Rbd8 24. Re1 b5 25. h5 g5 26. h6 Rd7 27. Kg2 gxf4 28.
gxf4 Rg8+ 29. Kh1 Rdd8 30. Rg1 f5 31. Qe2 c4 32. bxc4 bxc4 33. Qf3 fxe4 34.
Nxe4 Rxg1+ 35. Kxg1 d3 36. cxd3 cxd3 37. f5 Qe5 38. Rd2 Re8 39. Ng3 Qe1+ 40.
Nf1 Ne5 41. Qb7 Rg8+ 42. Rg2 Ng4 43. Qxa7 Qe5 44. Qb6 d2 45. Nxd2 Rb8 46. Qa7
Rb1+ 47. Nf1 Nxh6 48. f6 Nf5 49. f7 Rb8 50. Qxb8+ Qxb8 51. Rg8+ Qxg8+ 52.
fxg8=Q+ Kxg8 
1/2-1/2

[Event "Eliteserien 2017 - 18"]
[Site "Stavanger og Oslo"]
[Date "2017.11.03"]
[Round "4"]
[White "Gabrielsen, Trond"]
[Black "Galinsky, Timofey"]
[Result "1/2-1/2"]
[WhiteElo "2280"]
[BlackElo "2376"]
[PlyCount "124"]
[EventDate "2017.??.??"]

1. e4 e6 2. d4 d5 3. exd5 exd5 4. Nf3 Nf6 5. Bd3 Be7 6. O-O Bg4 7. h3 Bh5 8.
Bf4 O-O 9. c3 Nbd7 10. Nbd2 c6 11. Qc2 Bg6 12. Bxg6 hxg6 13. Rfe1 Re8 14. Re2
Bf8 15. Ne5 Nxe5 16. Bxe5 Bd6 17. Rae1 Nh7 18. Nf3 Bxe5 19. Nxe5 Nf8 20. Qd3
Re6 21. Qf3 Qf6 22. Qxf6 gxf6 23. Nd3 Rae8 24. Kf1 Nd7 25. Nf4 Re4 26. f3 Rxe2
27. Rxe2 Rxe2 28. Kxe2 Kg7 29. Ke3 g5 30. Nd3 f5 31. f4 f6 32. b3 Kg6 33. g3
Nf8 34. Nc5 gxf4+ 35. Kxf4 b6 36. Nd3 Ne6+ 37. Ke3 Ng5 38. Nf4+ Kf7 39. c4 dxc4
40. bxc4 Ne4 41. Ne2 Nd6 42. c5 Nb7 43. Kf4 bxc5 44. dxc5 Nxc5 45. Kxf5 Ne6 46.
h4 a5 47. g4 Nc7 48. Nd4 Nb5 49. Nxc6 a4 50. Nb4 Nd6+ 51. Kf4 Kg6 52. Nd5 Nb5
53. Ke4 Kf7 54. h5 Ke6 55. h6 Kf7 56. h7 Kg7 57. Nxf6 Nc3+ 58. Kf5 Nxa2 59. g5
Nb4 60. g6 Nc6 61. Ne4 Ne7+ 62. Ke5 Nxg6+ 
1/2-1/2

[Event "Eliteserien 2017 - 18"]
[Site "Stavanger og Oslo"]
[Date "2017.11.03"]
[Round "5"]
[White "Gausel, Einar J"]
[Black "Aulin-Jansson, Jøran"]
[Result "0-1"]
[WhiteElo "2479"]
[BlackElo "2270"]
[PlyCount "79"]
[EventDate "2017.??.??"]

1. d4 Nf6 2. Nf3 c5 3. d5 e6 4. c4 b5 5. dxe6 fxe6 6. cxb5 d5 7. g3 Bd6 8. Bg2
Bb7 9. O-O O-O 10. Nbd2 Nbd7 11. e4 d4 12. Qb3 Qe7 13. Re1 Bc7 14. Ng5 Rfe8 15.
Nc4 h6 16. Nh3 Qf7 17. f3 Rab8 18. e5 Nd5 19. f4 N7b6 20. Na5 Ba8 21. Bd2 Nc8
22. a4 a6 23. Qd3 axb5 24. axb5 Qd7 25. Nc6 Bxc6 26. bxc6 Qxc6 27. Ra6 Bb6 28.
Rc1 Qd7 29. Nf2 Nce7 30. Ne4 Nf5 31. Nxc5 Bxc5 32. Rxc5 Nde3 33. Bxe3 Nxe3 34.
Bc6 Qe7 35. Qxd4 Nf5 36. Qc3 Rb3 37. Qxb3 Qxc5+ 38. Kg2 Ne3+ 39. Kf3 Nc4 40.
Qc3 {Time} 
0-1

[Event "Eliteserien 2017 - 18"]
[Site "Stavanger og Oslo"]
[Date "2017.11.03"]
[Round "5"]
[White "Berg, Emanuel"]
[Black "Østenstad, Berge"]
[Result "0-1"]
[WhiteElo "2546"]
[BlackElo "2448"]
[PlyCount "110"]
[EventDate "2017.??.??"]

1. e4 e6 2. d4 d5 3. Nc3 Bb4 4. e5 c5 5. a3 Bxc3+ 6. bxc3 Qa5 7. Bd2 Qa4 8. Qg4
Kf8 9. Qd1 b6 10. h4 Ba6 11. h5 Bxf1 12. Kxf1 h6 13. Nf3 Nc6 14. Rh4 c4 15. Rf4
Nge7 16. Nh4 Ke8 17. g3 Rg8 18. Ng2 Nf5 19. g4 Nfe7 20. Ne3 Rf8 21. Qc1 Ng8 22.
Nd1 f6 23. Nb2 Qa5 24. Qe1 Kd7 25. a4 fxe5 26. dxe5 Qc5 27. Nd1 Qe7 28. Kg2 g6
29. hxg6 Qg7 30. a5 Nxa5 31. Rxf8 Rxf8 32. f4 Qxg6 33. Nf2 Nc6 34. Qb1 h5 35.
Qb5 Kc7 36. Be3 Rb8 37. f5 Qg7 38. f6 Qg6 39. Ra6 hxg4 40. Bc5 Rb7 41. Ra1 Nh6
42. Bd6+ Kd7 43. Qa6 Kc8 44. Rh1 g3 45. Rxh6 Qxh6 46. Ng4 Qd2+ 47. Kxg3 Qxc3+
48. Kh4 Qxc2 49. Qb5 Rh7+ 50. Kg3 Qb3+ 51. Qxb3 cxb3 52. Ba3 b5 53. Kf4 b4 54.
Bb2 a5 55. Kg5 Nd8 
0-1

[Event "Eliteserien 2017 - 18"]
[Site "Stavanger og Oslo"]
[Date "2017.11.03"]
[Round "5"]
[White "Tisdall, Jonathan"]
[Black "Johannessen, Leif E"]
[Result "1/2-1/2"]
[WhiteElo "2408"]
[BlackElo "2469"]
[PlyCount "82"]
[EventDate "2017.??.??"]

1. c4 e5 2. Nc3 Nf6 3. g3 d5 4. cxd5 Nxd5 5. Bg2 Nb6 6. e3 Be7 7. Nge2 O-O 8.
O-O c5 9. d4 exd4 10. exd4 Nc6 11. d5 Ne5 12. Bf4 Nec4 13. a4 Nd6 14. Bxd6 Bxd6
15. Ne4 Bf5 16. N2c3 Nc4 17. Qe2 Na5 18. Nb5 Bxe4 19. Bxe4 a6 20. Nc3 Re8 21.
Qc2 h6 22. Bg2 Qb6 23. Ne4 Nb3 24. Rad1 Nd4 25. Qc4 a5 26. Rd3 Bf8 27. b3 Rad8
28. Re3 Qb4 29. Rfe1 Kh8 30. Qxb4 axb4 31. Nd6 Rxe3 32. Nxf7+ Kg8 33. fxe3 Kxf7
34. exd4 cxd4 35. Bh3 Bc5 36. Be6+ Kf6 37. Kf1 Rf8 38. Ke2 Ke5 39. Rc1 Kd6 40.
Rd1 Ke5 41. Re1 Kd6 
1/2-1/2

[Event "Eliteserien 2017 - 18"]
[Site "Stavanger og Oslo"]
[Date "2017.11.03"]
[Round "5"]
[White "Hammerstad, Åsmund"]
[Black "Getz, Nicolai"]
[Result "0-1"]
[WhiteElo "2199"]
[BlackElo "2423"]
[PlyCount "88"]
[EventDate "2017.??.??"]

1. d4 Nf6 2. c4 g6 3. Nc3 Bg7 4. e4 d6 5. Nf3 O-O 6. Be2 e5 7. O-O Nc6 8. dxe5
dxe5 9. Bg5 Qxd1 10. Rfxd1 Bg4 11. Nd2 Bxe2 12. Nxe2 h6 13. Bh4 g5 14. Bg3 Nh5
15. Nb3 Nf4 16. Nc3 Nd4 17. Bxf4 gxf4 18. Nd5 c6 19. Ne7+ Kh7 20. Nxd4 exd4 21.
Nf5 Rad8 22. Rd3 Rfe8 23. Re1 Re6 24. Kf1 c5 25. Nxg7 Kxg7 26. Ra3 Rb6 27. Re2
a6 28. Rf3 Rb4 29. b3 a5 30. Rd2 a4 31. Rdd3 axb3 32. axb3 Ra8 33. Rxf4 Ra3 34.
Rg3+ Kf8 35. Rgf3 Rbxb3 36. Rxf7+ Ke8 37. Rf8+ Ke7 38. R3f7+ Ke6 39. g3 d3 40.
f4 Ra1+ 41. Kf2 Ra2+ 42. Ke3 d2+ 43. Ke2 d1=Q+ 44. Kxd1 Rb1# 
0-1

[Event "Eliteserien 2017 - 18"]
[Site "Stavanger og Oslo"]
[Date "2017.11.03"]
[Round "5"]
[White "Bern, Ivar"]
[Black "Bosiocic, Marin"]
[Result "0-1"]
[WhiteElo "2317"]
[BlackElo "2624"]
[PlyCount "100"]
[EventDate "2017.??.??"]

1. d4 Nf6 2. Bf4 c5 3. d5 d6 4. Nc3 e5 5. dxe6 Bxe6 6. e4 Nc6 7. Nf3 Be7 8. Be2
O-O 9. O-O Qd7 10. Qd2 Rad8 11. Rad1 Qc8 12. Bg5 d5 13. exd5 Nxd5 14. Bxe7
Ndxe7 15. Qg5 Bf5 16. Rxd8 Rxd8 17. Rd1 Rxd1+ 18. Bxd1 Qe6 19. Qe3 Qxe3 20.
fxe3 h6 21. Kf2 g5 22. h4 f6 23. hxg5 fxg5 24. Nd2 Ne5 25. Nb5 Nc8 26. e4 Bd7
27. Nc7 Nd6 28. Be2 Kg7 29. a3 Kg6 30. c3 h5 31. b4 cxb4 32. cxb4 h4 33. Nd5 g4
34. Bf1 Kg5 35. Ke3 Be6 36. Kd4 Ndf7 37. Nc7 Bd7 38. Ke3 g3 39. Nd5 Ng4+ 40.
Kd4 Nh2 41. Ne3 Nh6 42. Be2 N6g4 43. Nf3+ Nxf3+ 44. Bxf3 Nh2 45. Be2 h3 46.
gxh3 Bxh3 47. Ke5 Bg4 48. Bd3 Bf3 49. b5 Ng4+ 50. Nxg4 g2 
0-1

[Event "Eliteserien 2017 - 18"]
[Site "Stavanger og Oslo"]
[Date "2017.11.03"]
[Round "5"]
[White "Romanov, Evgeny"]
[Black "Haldorsen, Benjamin"]
[Result "1-0"]
[WhiteElo "2626"]
[BlackElo "2409"]
[PlyCount "97"]
[EventDate "2017.??.??"]

1. d4 d5 2. Bg5 Nd7 3. e3 Ngf6 4. Nf3 e6 5. c4 dxc4 6. Bxc4 a6 7. Nc3 c5 8. Be2
cxd4 9. Nxd4 Be7 10. O-O h6 11. Bh4 O-O 12. Bg3 Re8 13. Rc1 Bf8 14. Qc2 e5 15.
Nf5 g6 16. Nh4 Qe7 17. Rfd1 b5 18. Ne4 Nxe4 19. Qxe4 Ra7 20. Qd5 Kg7 21. Nf3 f6
22. Nh4 Qf7 23. Nf5+ Kg8 24. Nd6 Bxd6 25. Qxd6 Nf8 26. Bf3 Be6 27. b3 Rc8 28.
Qb6 Rxc1 29. Rxc1 Qe7 30. h3 b4 31. Rc6 Kf7 32. Qa5 h5 33. Rb6 Qc7 34. Qxb4 a5
35. Qb5 a4 36. bxa4 Bxa2 37. a5 Nd7 38. Rb7 Rxb7 39. Bxb7 Bc4 40. Bd5+ Bxd5 41.
Qxd5+ Ke7 42. h4 Qc5 43. Qg8 Qxa5 44. Qg7+ Ke6 45. Qxg6 Qe1+ 46. Kh2 Qe2 47. e4
Nb6 48. Qe8+ Kd6 49. Qf7 
1-0

[Event "Eliteserien 2017 - 18"]
[Site "Stavanger og Oslo"]
[Date "2017.11.03"]
[Round "5"]
[White "Stokke, Kjetil"]
[Black "Lie, Kjetil A."]
[Result "0-1"]
[WhiteElo "2335"]
[BlackElo "2538"]
[PlyCount "86"]
[EventDate "2017.??.??"]

1. c4 d6 2. g3 g6 3. Bg2 Bg7 4. Nc3 Nf6 5. Rb1 O-O 6. d3 e5 7. e4 c6 8. Nge2 a6
9. O-O b5 10. a3 Nbd7 11. h3 Re8 12. Be3 Bb7 13. b4 Rb8 14. a4 d5 15. exd5 cxd5
16. cxd5 bxa4 17. Qxa4 Nb6 18. Qa5 Nbxd5 19. Nxd5 Nxd5 20. Ba7 Ra8 21. Bc5 Qd7
22. Rfe1 Nf6 23. Bxb7 Qxb7 24. Nc3 Qd7 25. Ne4 Qxh3 26. Nd6 Re6 27. Qc7 Rf8 28.
Ne4 Nxe4 29. dxe4 g5 30. Qd7 g4 31. Be3 Bh6 32. Bc5 Bg5 33. Bxf8 Kxf8 34. Qxe6
fxe6 35. b5 axb5 36. Rxb5 Ke7 37. Rb3 Qh6 38. Ra1 Qg6 39. Ra7+ Kf6 40. Rbb7 h5
41. Rh7 Bh6 42. Rab7 Kg5 43. Rbf7 Qxe4 
0-1

[Event "Eliteserien 2017 - 18"]
[Site "Stavanger og Oslo"]
[Date "2017.11.03"]
[Round "5"]
[White "Christiansen, Johan-Sebastian"]
[Black "Gullaksen, Eirik"]
[Result "1-0"]
[WhiteElo "2468"]
[BlackElo "2353"]
[PlyCount "67"]
[EventDate "2017.??.??"]

1. e4 c5 2. Nf3 Nc6 3. Bb5 Nf6 4. Nc3 g6 5. e5 Ng4 6. Bxc6 dxc6 7. d3 Bg7 8.
Bf4 Nh6 9. Ne4 Bg4 10. h3 Bxf3 11. Qxf3 Nf5 12. O-O-O Nd4 13. Qe3 Qa5 14. Kb1
Ne6 15. Bh2 O-O-O 16. f4 h5 17. g4 hxg4 18. hxg4 Qc7 19. c3 b6 20. Bg3 Qd7 21.
f5 Nc7 22. Rxh8 Rxh8 23. Qf3 Qd5 24. Qf4 gxf5 25. gxf5 Bh6 26. Qh4 Qd7 27. f6
Nd5 28. fxe7 Qxe7 29. Nd6+ Kd7 30. Qh5 Ne3 31. Re1 Qe6 32. Rxe3 Bxe3 33. Qxh8
Qg4 34. Qc8+ 
1-0

[Event "Eliteserien 2017 - 18"]
[Site "Stavanger og Oslo"]
[Date "2017.11.03"]
[Round "5"]
[White "Elsness, Frode"]
[Black "Salomon, Johan"]
[Result "1/2-1/2"]
[WhiteElo "2477"]
[BlackElo "2476"]
[PlyCount "61"]
[EventDate "2017.??.??"]

1. Nf3 c5 2. c4 Nf6 3. Nc3 e6 4. g3 d5 5. cxd5 Nxd5 6. Bg2 Nc6 7. O-O Be7 8. d4
O-O 9. Nxd5 exd5 10. dxc5 Bxc5 11. Bg5 Qd7 12. Rc1 Bb6 13. Qd3 Re8 14. Rfd1 d4
15. a3 Qf5 16. b4 Qxd3 17. exd3 Bf5 18. Nh4 Bg4 19. Re1 h6 20. Bd2 g5 21. Nf3
Bf5 22. b5 Na5 23. Nxd4 Bxd3 24. Bxa5 Bxa5 25. Bxb7 Rxe1+ 26. Rxe1 Rd8 27. Nc6
Bxe1 28. Nxd8 Bxb5 29. Bd5 Be8 30. Nc6 Bxc6 31. Bxc6 
1/2-1/2

[Event "Eliteserien 2017 - 18"]
[Site "Stavanger og Oslo"]
[Date "2017.11.03"]
[Round "5"]
[White "Djurhuus, Rune"]
[Black "Urkedal, Frode Olav Olsen"]
[Result "1-0"]
[WhiteElo "2421"]
[BlackElo "2571"]
[PlyCount "97"]
[EventDate "2017.??.??"]

1. g3 e5 2. c4 Nf6 3. Bg2 c6 4. Nf3 e4 5. Nd4 d5 6. cxd5 Qxd5 7. Nc2 Qh5 8. h3
Qg6 9. Nc3 Bd6 10. Ne3 O-O 11. Qc2 Re8 12. b3 Na6 13. Bb2 Nb4 14. Qb1 Bd7 15.
a3 Nbd5 16. Ncxd5 Nxd5 17. Qc2 a5 18. Bd4 h5 19. h4 c5 20. Bb2 Nxe3 21. dxe3
Bxg3 22. Qxc5 Be5 23. Bxe5 Qxg2 24. Kd2 Rac8 25. Qd6 Bg4 26. Rh2 Qxh2 27. Bxh2
Red8 28. Qxd8+ Rxd8+ 29. Ke1 Rd5 30. b4 a4 31. Rc1 b5 32. Rc7 f6 33. Re7 Bf5
34. Rb7 Bd7 35. f3 exf3 36. exf3 Rd3 37. Ke2 Rxa3 38. Rxd7 Rb3 39. Bd6 a3 40.
Ra7 Rb2+ 41. Kd3 a2 42. f4 Rh2 43. f5 Rf2 44. Ke4 Rd2 45. Bc5 Rh2 46. Kd5 Rf2
47. Kc6 Rxf5 48. Rxa2 g5 49. Kxb5 
1-0

[Event "Eliteserien 2017 - 18"]
[Site "Stavanger og Oslo"]
[Date "2017.11.03"]
[Round "5"]
[White "Nilsen, Joachim B."]
[Black "Tryggestad, Andreas G"]
[Result "1/2-1/2"]
[WhiteElo "2416"]
[BlackElo "2264"]
[PlyCount "64"]
[EventDate "2017.??.??"]

1. d4 Nf6 2. Nf3 g6 3. c4 Bg7 4. g3 c6 5. Bg2 d5 6. cxd5 cxd5 7. O-O O-O 8. Nc3
Ne4 9. Ne5 Nxc3 10. bxc3 Nc6 11. Nxc6 bxc6 12. Qa4 Qb6 13. Ba3 Qa6 14. Qxa6
Bxa6 15. Rfb1 Rfb8 16. Bxe7 Bxe2 17. Bc5 Bc4 18. a4 a5 19. Bf1 Bxf1 20. Kxf1
Bf8 21. Ke2 Bxc5 22. dxc5 Kf8 23. Kd3 Ke7 24. Kd4 Kd7 25. f3 Kc7 26. Re1 Re8
27. Rab1 Rxe1 28. Rxe1 Kd7 29. Rb1 Kc7 30. Re1 Kd7 31. Rb1 Kc7 32. Re1 Kd7
1/2-1/2

[Event "Eliteserien 2017 - 18"]
[Site "Stavanger og Oslo"]
[Date "2017.11.03"]
[Round "5"]
[White "Lie, Espen"]
[Black "Notkevich, Benjamin Arvola"]
[Result "1-0"]
[WhiteElo "2459"]
[BlackElo "2455"]
[PlyCount "71"]
[EventDate "2017.??.??"]

1. c4 Nf6 2. g3 g6 3. Bg2 Bg7 4. Nc3 O-O 5. e4 d6 6. Nge2 c5 7. d3 Nc6 8. O-O
a6 9. a3 Bg4 10. f3 Bd7 11. Be3 Ne8 12. Rb1 Nc7 13. Nd5 b5 14. b4 Nxd5 15. exd5
Nd4 16. Nxd4 cxd4 17. Bf2 Qb6 18. Re1 e5 19. dxe6 Bxe6 20. Bf1 Rfc8 21. Rc1 a5
22. Qb3 Rab8 23. Red1 Qc6 24. Qb2 axb4 25. cxb5 bxa3 26. Qxa3 Qxf3 27. Bg2 Qe2
28. Rxc8+ Rxc8 29. Re1 Qa2 30. Qxa2 Bxa2 31. b6 Be5 32. b7 Rb8 33. Ra1 Be6 34.
Bc6 Bd7 35. Ra8 d5 36. Bxd7 1-0

[Event "Eliteserien 2017 - 18"]
[Site "Stavanger og Oslo"]
[Date "2017.11.03"]
[Round "5"]
[White "Christenson, Flemming"]
[Black "Hansen, TorbjÃ¸rn R"]
[Result "0-1"]
[WhiteElo "2209"]
[BlackElo "2408"]
[PlyCount "108"]
[EventDate "2017.??.??"]

1. d4 Nf6 2. Bf4 g6 3. Nc3 Bg7 4. e4 d6 5. Qd2 c6 6. Bh6 Bxh6 7. Qxh6 Nbd7 8.
Nf3 Qa5 9. Bd3 e5 10. dxe5 dxe5 11. O-O Qc5 12. a4 a5 13. Kh1 Qf8 14. Qh4 Qe7
15. Bc4 Nh5 16. Qg5 Nf4 17. Rad1 f6 18. Qh4 Nb6 19. Bb3 g5 20. Qh6 Bg4 21. Rd2
Bxf3 22. gxf3 Qf8 23. Qxf8+ Rxf8 24. Re1 Ke7 25. Ne2 Nxe2 26. Rexe2 Rad8 27.
Kg2 Nd7 28. Kf1 Nc5 29. Ke1 Rxd2 30. Rxd2 Rd8 31. Rxd8 Kxd8 32. Kd2 Ke7 33. Kc3
Kd6 34. Kc4 Ne6 35. c3 Nf4 36. Bd1 Nh3 37. Be2 Nxf2 38. b4 b6 39. Kb3 Nh3 40.
Bd1 Nf4 41. Kc4 h5 42. Bc2 Ne6 43. Bd1 h4 44. Be2 axb4 45. Kxb4 Nc5 46. a5
bxa5+ 47. Kxa5 g4 48. fxg4 Nxe4 49. Kb4 Nd2 50. Ka3 e4 51. Kb4 Nf3 52. Kc4 Ke5
53. h3 Ng1 54. Bf1 e3 0-1

[Event "Eliteserien 2017 - 18"]
[Site "Stavanger og Oslo"]
[Date "2017.11.03"]
[Round "5"]
[White "Gabrielsen, Trond"]
[Black "Holm, Kristian Stuvik"]
[Result "0-1"]
[WhiteElo "2280"]
[BlackElo "2429"]
[PlyCount "102"]
[EventDate "2017.??.??"]

1. e4 c5 2. Nf3 g6 3. c3 d5 4. exd5 Qxd5 5. Na3 Bg7 6. d4 cxd4 7. Bc4 Qe4+ 8.
Be3 Nh6 9. cxd4 O-O 10. Qb3 Nc6 11. Bd3 Qg4 12. O-O Qh5 13. Be4 Ng4 14. Rad1
Nf6 15. Bxc6 bxc6 16. Ne5 Ng4 17. Nxg4 Bxg4 18. Rc1 Be6 19. Qd1 Qa5 20. Rxc6
Bxa2 21. Rc5 Qb4 22. Rb5 Qd6 23. Qa4 Bd5 24. Rc5 Qe6 25. Qc2 Rfc8 26. Qd2 Rxc5
27. dxc5 Bxb2 28. Nb5 Be5 29. f4 Bc4 30. Rb1 Bxb5 31. Rxb5 Bc7 32. Rb1 a5 33.
Bd4 Rd8 34. Qe3 Qd5 35. Ba1 Qa2 36. Re1 Rd2 37. Qe4 f6 38. Bxf6 exf6 39. Qe8+
Kg7 40. Re7+ Kh6 41. Qf8+ Kh5 42. Rxh7+ Kg4 43. Rh4+ Kf5 44. Qc8+ Ke4 45. Qe8+
Kd3 46. Qxg6+ Ke2 47. Qe4+ Kd1 48. Rh3 Qc2 49. Qf3+ Kc1 50. Qa3+ Qb2 51. Rc3+
Kb1 0-1